| 000 | 00944nam a22002417a 4500 | ||
|---|---|---|---|
| 999 |
_c3209 _d3209 |
||
| 003 | AR-CdUCM | ||
| 008 | 190306b ||||| |||| 00| 0 spa d | ||
| 040 |
_aMUNICIPALIDAD PROVINCIAL DEL CUSCO _cBIBLIOTECA MUNICIPAL DEL CUSCO |
||
| 041 | _heng. | ||
| 082 |
_a828.87 / _bL6 |
||
| 100 |
_aWilde, Oscar _91401 |
||
| 245 |
_aEl crimen de lord Arturo Savile : _bIntenciones y la balada de la carcel de reading / |
||
| 260 |
_aMexico : _bEdit.Nacional, |
||
| 300 |
_a241 paginas : _c16 cm. |
||
| 500 | _aReimpresión 1973. | ||
| 505 | _aContenido: El crimen de lord Arturo Savile -- El fantasma de Canterville -- La esfinge sin secreto -- El modelo millonario -- La piel de naranja -- La santa cortesana o la mujer cubierta de joyas / | ||
| 650 |
_aNovelas inglesas _91158 |
||
| 650 |
_aLiteratura inglesa _91015 |
||
| 650 |
_aSiglo XIX _9971 |
||
| 700 |
_aJulio Gomez de la Serna (traductor) _910759 |
||
| 942 |
_2ddc _cLIBROS |
||
| 945 | _arjall | ||